00234nam a2200097Ia 4500100002000000654001300020245004400033260003900077300000800116546001200124 aSrinivasan/A/V  ajapanese aJapanese management:the indian concepts bTata Mc Graw hillaNew Delhic1992 a205 aENGLISH